| 000 | 00667nam a22001577a 4500 | ||
|---|---|---|---|
| 003 | OSt | ||
| 005 | 20151216144430.0 | ||
| 008 | 151216b xxu||||| |||| 00| 0 eng d | ||
| 040 | _cRUA | ||
| 082 | _aAED POK 2005 B219 Or.1 | ||
| 100 |
_94929 _aPOK, THEARY. |
||
| 245 | _aThe people livelihoods in bakong commune prasat bakong district siemreab province, ការប្រកបរបរចិញ្ចឹមជីវិតរបស់ប្រជាពលរដ្ឋនៅឃុំបាគង ស្រុកប្រសាទបាគង ខេត្តសៀមរាប | ||
| 260 |
_aPhnom Penh _bRUA _c2005 |
||
| 300 |
_ax; 62p. _bill. _c29cm. |
||
| 942 |
_2ddc _cAED |
||
| 999 |
_c4579 _d4579 |
||